Umieráčik slovenského školstva

Dôsledky nedostatku finančných prostriedkov zo štátneho rozpočtu pre vysoké školy. Vzrast záujmu o sociálne štipendiá. Prospechové a mimoriadne štipendiá už len raritou.

Saved in:
Bibliographic Details
Main Author: Bujačková, E.
Format: Book Chapter
Language:Slovak
Subjects:
Tags: Add Tag
No Tags, Be the first to tag this record!

MARC

LEADER 00000naa a2200000 4500
001 r018747
005 20221205102119.5
041 0 |a slo 
044 |a SK 
245 1 0 |a Umieráčik slovenského školstva  |c E. Bujačková 
520 |a Dôsledky nedostatku finančných prostriedkov zo štátneho rozpočtu pre vysoké školy. Vzrast záujmu o sociálne štipendiá. Prospechové a mimoriadne štipendiá už len raritou. 
610 2 0 |a Slovensko 
610 2 0 |a 1995 
610 2 0 |a školy vysoké 
610 2 0 |a štipendiá 
610 2 0 |a vysokoškoláci 
100 1 |a Bujačková, E.